Statistics for Majority Christian Countries

Click here to take the quiz!

General Stats

  • This quiz has been taken 137 times
    (8 since last reset)
  • The average score is 91 of 108

Answers on the Map

Answers color-coded by a green-red scale on the quiz's map according to % correct below.
 

Answer Stats

Country% Correct
Argentina
100%
Austria
100%
Belgium
100%
Bolivia
100%
Brazil
100%
Bulgaria
100%
Canada
100%
Chile
100%
Colombia
100%
Costa Rica
100%
Croatia
100%
Cuba
100%
Denmark
100%
Dominica
100%
Dominican Republic
100%
Ecuador
100%
El Salvador
100%
Finland
100%
France
100%
Germany
100%
Greece
100%
Guyana
100%
Haiti
100%
Hungary
100%
Iceland
100%
Ireland
100%
Italy
100%
Latvia
100%
Lithuania
100%
Luxembourg
100%
Mexico
100%
Nicaragua
100%
Norway
100%
Panama
100%
Paraguay
100%
Peru
100%
Poland
100%
Portugal
100%
Romania
100%
Russia
100%
Slovakia
100%
Slovenia
100%
Spain
100%
Sweden
100%
Switzerland
100%
Ukraine
100%
United Kingdom
100%
United States
100%
Uruguay
100%
Venezuela
100%
Andorra
86%
Australia
86%
Belarus
86%
Belize
86%
Jamaica
86%
Moldova
86%
Montenegro
86%
Serbia
86%
South Africa
86%
Trinidad And Tobago
86%
Angola
71%
Antigua And Barbuda
71%
Armenia
71%
Bahamas
71%
Barbados
71%
Botswana
71%
Burundi
71%
Cape Verde
71%
Central African Republic
71%
Cyprus
71%
Dem. Rep. Of The Congo
71%
Eswatini
71%
Ethiopia
71%
Fiji
71%
Gabon
71%
Georgia
71%
Guatemala
71%
Honduras
71%
Kenya
71%
Lesotho
71%
Liechtenstein
71%
Malawi
71%
Malta
71%
Micronesia
71%
Mozambique
71%
Namibia
71%
Palau
71%
Papua New Guinea
71%
Philippines
71%
Republic Of The Congo
71%
Rwanda
71%
South Sudan
71%
Tanzania
71%
Tonga
71%
Uganda
71%
Zambia
71%
Zimbabwe
71%
Cameroon
57%
Equatorial Guinea
57%
Eritrea
57%
Ghana
57%
Grenada
57%
Liberia
57%
Monaco
57%
San Marino
57%
Seychelles
57%
Timor-Leste
57%
Vatican City
57%

Score Distribution

Percentile by Number Answered

Percent of People with Each Score

Your Score History

You have not taken this quiz since the last reset